Peyote: el cactus divino

Saved in:
Bibliografiske detaljer
Hovedforfatter: Anderson, Edward F (Author)
Format: Bog
Sprog:spansk
Udgivet: Barcelona Laertes 2007
Udgivelse:1a. ed
Fag:
Tags: Tilføj Tag
Ingen Tags, Vær først til at tagge denne postø!

MARC

LEADER 00000nam a2200000 a 4500
001 UCI7913
003 CL-VaPUC
008 080731e20070000SP |||||||||||||||||spa|d
020 |a 9788475845838 
082 0 4 |a 299.7  |b AND  |2 21 
100 0 |a Anderson, Edward F  |e author  |9 531322 
245 1 0 |a Peyote: el cactus divino 
250 |a 1a. ed 
300 |a 254 p 
942 |c BK 
945 |d 20080731 00:00:00  |a rbrito 
260 |a Barcelona  |b Laertes  |c 2007 
650 7 |a PEYOTE  |2 CL-VaPUC  |9 531323 
650 7 |a CACTUS  |2 CL-VaPUC  |9 264741 
650 7 |a INDIOS AMERICANOS  |2 CL-VaPUC  |9 469992 
650 0 |a Religión   |9 255164 
650 0 |a Ritos y ceremonias   |9 326995 
651 0 |a México  |9 255269 
651 0 |a Estados Unidos  |9 255178 
583 |a last modification  |c 20080731 00:00:00  |k Rodrigo Vera 
999 |c 331042  |d 331040 
952 |0 0  |1 0  |4 0  |6 299_700000000000000_AND_2007  |7 0  |8 A  |9 417139  |a BIBHIS  |b BIBHIS  |d 2019-11-22  |i 4467973  |l 3  |o 299.7 AND 2007  |p 4467973  |r 2025-01-20  |s 2023-11-07  |w 2019-11-22  |y BK  |k HIS